Statistics for Ülke Bayrakları Testi #1

Click here to take the quiz!

General Stats

  • This quiz has been taken 8 829 times
  • The average score is 18 of 20

Answer Stats

Answer% Correct
Amerika Birleşik Devletleri
100%
Çin
98%
Fransa
98%
Brezilya
97%
Japonya
97%
Kanada
97%
Yunanistan
97%
İtalya
96%
İsrail
95%
Rusya
95%
Birleşik Krallık
94%
Hollanda
90%
İsveç
90%
Norveç
90%
Avustralya
89%
İran
87%
Meksika
85%
İrlanda
80%
Güney Afrika
78%
Jamaika
71%

Score Distribution

Percentile by Number Answered

Percent of People with Each Score

Your Score History

You have not taken this quiz